000 00670nam a2200181Ia 4500
008 090711s9999 xx 000 0 und d
082 _b1234
100 _aगार्डनर अर्ल स्टॅनले
245 _aपछाडलेला नवरा
260 _bनिशीगंधा प्रकाशन
_c1998
300 _a184
600 _aगार्डनर अर्ल स्टॅनले
630 _aपछाडलेला नवरा
700 _aगार्डनर अर्ल स्टॅनले
700 _aभावे अपर्णा
730 _aपछाडलेला नवरा
942 _cBOOK
999 _c334093
_d334093